Responses for show #4107 - Tuesday, June 11, 2002

Contestants

[<< previous game]

Rich Rosenlof, a sales representative from Sacramento, California

Lisa Winston, a baseball writer from Montgomery Village, Maryland

Jon Newlon, a lawyer and father from Dade City, Florida (whose 1-day cash winnings total $27,000)

[next game >>]

Jeopardy! Round responses

THRILLER
BEN
"BLACK" OR "WHITE"
REMEMBER THE TIME
ROCK WITH YOU
EAT IT!
    $200 21
Tom Clancy

Jon
    $200 1
Pennsylvania

Jon
    $200 13
Black Hawk

Rich
    $200 23
China

Triple Stumper
    $200 3
"I'll Be There"

Lisa
    $200 8
Spam

Rich
    $400 22
(John) Grisham

Lisa
    $400 2
Poor Richard's Almanack

Jon
    $400 14
Betty White

Rich
    $400 24
Poland

Lisa
    $400 4
The Wallflowers

Jon
    $400 9
nachos

Rich
    $600 28
(Robert) Ludlum

Lisa
    $600 18
France

Jon
    $600 15
the black box

Jon
    $600 25
Pizarro

Lisa
    $600 5
"Layla"

Jon
    $600 10
crêpes

Rich
    $800 29
Clive Cussler

Triple Stumper
    $800 19
"Electricity"

Rich
    $800 16
black hole

Lisa
    $800 26
Sudan

Rich
    $800 6
Shakira

Triple Stumper
    $800 11
satay

Lisa
    $1000 30
Steve Martini

Triple Stumper
    $1,600 20
(Rich: What is postmaster?... What is [*]?)
(Alex: That's it. Okay.)

postmaster general

Rich
    $1000 17
the White Cliffs of Dover

Rich
    $1000 27
Russo-Japanese War

Triple Stumper
    $1000 7
"Scream"

Jon
    $1000 12
(Lisa: What is... [*]?)
(Alex: [*] is right, yes.)
[Lisa sighs in relief.]
(Alex: Shepherds look after sheep, don't they? Makes sense!)

lamb

Lisa

Scores at the first commercial break (after clue 15):

Jon Lisa Rich
$3,200 $2,000 $1,800

Scores at the end of the Jeopardy! Round:

Jon Lisa Rich
$4,000 $4,800 $6,000

Double Jeopardy! Round responses

SCOTLAND
BABY BOOMER MEMORIES
SOMETHING'S FISHY
"T"ELEVISION
WORLD RELIGION
SORTA SOUNDS LIKE OPRAH?
    $400 26
Gaelic

Rich
    $400 11
John F. Kennedy

Rich
    $400 6
a dolphinfish

Rich
    $400 1
T.J. Hooker

Jon
    $400 21
your shoes

Lisa
    $400 16
an opera

Lisa
    $800 27
mountains

Rich
    $800 12
a lunchbox

Jon
    $800 7
a molly

Rich
    $800 2
Touched by an Angel

Rich
    $800 22
Thanksgiving

Lisa
    $800 17
"rope-a"

Rich
    $1200 28
Macbeth

Triple Stumper
    $1200 13
Communist sympathizer

Rich
    $3,000 8
a goby

Rich
    $1200 3
Talk Soup

Lisa
    $1200 23
the Wesleys

Triple Stumper
    $1200 18
"Go Bragh"

Lisa
    $1600 29
(Jon: What is Anglican?)

Presbyterian

JonLisa
    $1600 14
Old Yeller

Jon
    $1600 9
the coelacanth

Triple Stumper
    $1600 4
The Tick

Rich
    $1600 24
Ayatollah

Rich
    $1600 19
copra

Rich
    $2,000 30
(Alex: Pick a number.)
(Lisa: Oh! Uh... $2,000, please.)
(Alex: You see, it's not enough to just think about your wager. You must inform us so we know.)
(Lisa: "Math class is hard", said Barbie.)
...
(Alex: [In a Scottish accent] St. [*]--yes, you're right. You got it right, lass.)
[Applause]

Andrew

Lisa
    $2000 15
Jann Wenner

Lisa
    $2000 10
(Jon: Uh... what is a marlin?)
(Lisa: What is [*] Springs--a [*]?)

tarpon

JonLisa
    $2000 5
That's Incredible!

Rich
    $2000 25
Rigveda

Triple Stumper
    $2000 20
(Deepak) Chopra

Lisa

Scores at the end of the Double Jeopardy! Round:

Jon Lisa Rich
$3,200 $18,400 $21,400

[wagering suggestions for these scores]

Final Jeopardy! Round responses

GEOGRAPHIC PHRASES
JonWhat is All creatures great
$3,200
LisaWhat is the New World?
$6,000
RichWhat is the New World?
$16,000
the New World

Final scores:

Jon Lisa Rich
$0 $24,400 $37,400
3rd place: $1,000 2nd place: $2,000 New champion: $37,400

Game dynamics:

Coryat scores:

Jon Lisa Rich
$3,200 $18,400 $19,000
11 R,
2 W
18 R
(including 1 DD),
0 W
22 R
(including 2 DDs),
0 W

Combined Coryat: $40,600

The J! Archive is created by fans, for fans. The Jeopardy! game show and all elements thereof, including but not limited to copyright and trademark thereto, are the property of Jeopardy Productions, Inc. and are protected under law. This website is not affiliated with, sponsored by, or operated by Jeopardy Productions, Inc. Join the discussion at JBoard.tv.